00650nam a22001577a 4500003000400000008004100004020001800045082002400063245008700087260007500174300001700249700002000266942001200286999001700298952017700315OSt260625b |||||||| |||| 00| 0 eng d a9789394023130 a629.13260285 bN16D aDrone Technology and its Applications in Agriculture/ by S.M. Nalawade...[et al.]  aNew Delhi: bInternational Books & Periodicals Supply Service, c2024. axxii, 196 p. aNalawade, S.M.  2ddccBK c52292d52292 00102ddc4070aRAUbRAUcGENd2026-06-25eToday & Tomorrow Printers and Publishers g2450.00l0o629.13260285 N16Dp87122r2026-06-25w2026-01-29yBKkBill No. IN-00449